| 000 | 00390nam a2200157Ia 4500 | ||
|---|---|---|---|
| 008 | 180921t1979 xxu||||| |||| 00| 0 eng d | ||
| 041 | _aeng | ||
| 080 |
_a65(1) _b |
||
| 100 | _aPeter, J.Paul | ||
| 245 | _aA preface to marketing management | ||
| 260 |
_bBusiness publication _c1979 |
||
| 300 | _a275p., 22 cm | ||
| 942 | _cBK | ||
| 999 |
_c17171 _d17171 |
||
| 003 | LK-CoDNM | ||
| 040 |
_aLK-CoDNM _dLK-CoDNM _eLK-CoDNM |
||